000 00840nam a2200265I 4500
008
020 _a0852700830 (hbk.)
049 _aMAIN
090 _aQM601
_bHAM
100 1 _aHamilton, William James.
245 1 0 _aHuman embryology :
_bprenatal development of form and function.
_c W. J. Hamilton and H. W. Mossman
250 _a4th ed.
260 0 _aCambridge :
_bW. Heffer and Sons,
_c1972
300 _axii, 646 p. :
_bill. (some col.)
_c25 cm.
500 _aIncludes Index.
504 _aIncludes bibliographical references.
650 2 _aEmbryology
700 1 _aMossman, Harland W.
740 0 _aHamilton, Boyd and Mossman's Human embryology.
907 _a.b10394242
_b31-10-18
_c29-10-18
003
005 20230123141129.0
040 _cNUST
942 _cBOOKS
_kQM601
_mHAM
999 _c168214
_d168214